Come! Holy Spirit (Record n. 102708)

Dettagli MARC
000 -LEADER
fixed length control field 01201njm a2200313Ia 4500
001 - CONTROL NUMBER
control field F2516
003 - CONTROL NUMBER IDENTIFIER
control field IT-RoPAU
005 - DATE AND TIME OF LATEST TRANSACTION
control field 20220918181157.0
008 - FIXED-LENGTH DATA ELEMENTS--GENERAL INFORMATION
fixed length control field 131025s9999 xx 000 0 und d
040 ## - CATALOGING SOURCE
Original cataloging agency IT-RoPAU
040 ## - CATALOGING SOURCE
Transcribing agency IT-RoPAU
041 ## - LANGUAGE CODE
Language code of text/sound track or separate title INGLESE
999 ## - SYSTEM CONTROL NUMBERS (KOHA)
Koha Dewey Subclass [OBSOLETE] n.d.
100 ## - MAIN ENTRY--PERSONAL NAME
Personal name Duia Caroline Fsp
9 (RLIN) 32543
100 ## - MAIN ENTRY--PERSONAL NAME
Relator term Autore musica
9 (RLIN) 32544
100 ## - MAIN ENTRY--PERSONAL NAME
Miscellaneous information Codice autore musica SPICS: 51012
9 (RLIN) 32545
245 ## - TITLE STATEMENT
Title Come! Holy Spirit
250 ## - EDITION STATEMENT
Edition statement 1a ed.
260 ## - PUBLICATION, DISTRIBUTION, ETC. (IMPRINT)
Name of publisher, distributor, etc. PAULINE SISTER BOMBAY SOCIETY
Date of publication, distribution, etc. 1998 [1a Ed.:1998 - Ed. Lingua Orig.: 1998]
300 ## - PHYSICAL DESCRIPTION
Extent MUSICASSETTA
300 ## - PHYSICAL DESCRIPTION
Dimensions 42 minuti (Testo: 0 pag.)
500 ## - GENERAL NOTE
General note Musica religiosa.
505 ## - FORMATTED CONTENTS NOTE
Formatted contents note Come Holy Spirit - May Your Spirit - Come Into My Heart - Your Security - Flame Burning Bright - Life In the Spirit - Your Light - We Need You - To You O God - Beyond Words - Open Arms - Light of the World.
511 ## - PARTICIPANT OR PERFORMER NOTE
Participant or performer note Monteiro Cara Lisa, Duia Caroline, Cerejo Clinton, Manuel Dominiq
511 ## - PARTICIPANT OR PERFORMER NOTE
Participant or performer note Cantanti: Castellino Francois, D'Cruz Marianne
650 ## - SUBJECT ADDED ENTRY--TOPICAL TERM
Topical term or geographic name as entry element MUSICA RELIGIOS [CASSETTE]
Relator term Codice MATERIA SPICS: 9951
9 (RLIN) 32546
700 ## - ADDED ENTRY--PERSONAL NAME
Personal name Dias Tony
Relator term Autore
Miscellaneous information Codice autore SPICS: 51013
9 (RLIN) 32547
942 ## - ADDED ENTRY ELEMENTS (KOHA)
Koha item type MUSICASSETTE
Source of classification or shelving scheme Dewey Decimal Classification
Dati di copia
Withdrawn status Lost status Damaged status Not for loan Home library Current library Date acquired Total Checkouts Full call number Date last seen Price effective from Koha item type Public note
    Buone Condizioni Not For Loan SPICS-MEDIATECA SPICS-MEDIATECA 25/10/2013   F2516 25/10/2013 25/10/2013 MUSICASSETTE Progr. Ins.: 22500 / N.Vol.: 1 / Copie: 1 - Copia rara: n.d. / date import: 01.01.2014 - By Epidotti, Trombetti, Vaglietti
CREDITS: SOCIETA' SAN PAOLO Via A.Severo, 58 - ROMA (RM) & PERIODICI SAN PAOLO SRL Via Giotto, 36 MILANO & CISF Via Giotto, 36 MILANO & EDIZIONI SAN PAOLO SRL,  Piazza Soncino, 5 CINISELLO BALSAMO (MI) -- ITALY